[Event "SRB-chT3 South"]
[Site "Serbia"]
[Date "2017.10.15"]
[Round "11.6"]
[White "Sinadinovic, Ilija"]
[Black "Andjelkovic, Danijela"]
[Result "1-0"]
[WhiteElo "1896"]
[BlackElo "1581"]
[PlyCount "84"]
[EventDate "2017.09.03"]
[EventType "team-tourn"]
[EventRounds "11"]
[EventCountry "SRB"]
[SourceTitle "EXT 2022"]
[Source "ChessBase"]
[SourceDate "2021.10.06"]
[SourceVersion "1"]
[SourceVersionDate "2021.10.06"]
[SourceQuality "1"]

1. c4 Nf6 2. Nc3 g6 3. g3 Bg7 4. Bg2 0-0 5. d3 d6 6. e4 e5 7. Nge2 Nc6 8. 0-0 h6 9. f4 Nh7 10. f5 Bd7 11. Be3 Qc8 12. g4 g5 13. Nd5 Qd8 14. Ng3 f6 15. Nh5 Ne7 16. Qd2 c6 17. Nxe7+ Qxe7 18. h4 Be8 19. hxg5 Bxh5 20. gxh6 Bxg4 21. hxg7 Qxg7 22. Bh6 Qf7 23. Bxf8 Kxf8 24. Qh6+ Ke7 25. Bf3 Rg8 26. Bxg4 Rxg4+ 27. Kf2 Ng5 28. Rg1 Rf4+ 29. Ke2 Kd7 30. Raf1 Rxf1 31. Rxf1 Kc7 32. Qg6 Qe7 33. Rc1 Nh3 34. Qg3 Qh7 35. Kd2 Nf4 36. Re1 Kb6 37. Kc2 Qh5 38. a3 a5 39. d4 a4 40. Kb1 exd4 41. Qc3 c5 42. Qd2 Qf3 1-0

[Event "SRB Central-chT qual"]
[Site "Nis"]
[Date "2014.10.04"]
[Round "4"]
[White "Stamenkovic, Nikola1111"]
[Black "Sinadinovic, Ilija"]
[Result "1/2-1/2"]
[WhiteElo "1809"]
[BlackElo "1853"]
[PlyCount "68"]
[EventDate "2014.10.02"]
[EventType "team-tourn"]
[EventRounds "7"]
[EventCountry "SRB"]
[SourceTitle "CBM 163 Extra"]
[Source "ChessBase"]
[SourceDate "2014.12.23"]
[SourceVersion "1"]
[SourceVersionDate "2014.12.23"]
[SourceQuality "1"]

1. e4 c6 2. d4 d5 3. e5 Bf5 4. Nf3 e6 5. Bd3 Bxd3 6. Qxd3 c5 7. c3 Nc6 8. 0-0 Qb6 9. Nbd2 cxd4 10. cxd4 Rc8 11. a3 a5 12. b3 Nh6 13. Bb2 Be7 14. Rac1 0-0 15. Rc2 Rc7 16. Rfc1 Rfc8 17. Nf1 Na7 18. Ng3 Rxc2 19. Rxc2 Rc6 20. Bc1 Qc7 21. Rxc6 Qxc6 22. Bxh6 gxh6 23. a4 Qc1+ 24. Nf1 Qf4 25. g3 Qg4 26. Kg2 Kg7 27. Ne3 Qg6 28. Qe2 Qe4 29. Qc2 Nc6 30. Qd1 Bb4 31. Kg1 Bc3 32. Nc2 Bb2 33. Kf1 Bc3 34. Qe2 Bb2 1/2-1/2

[Event "SRB-chT2 South"]
[Site "Nis"]
[Date "2013.10.19"]
[Round "5.6"]
[White "Krstic, Zoran"]
[Black "Sinadinovic, Ilija"]
[Result "1/2-1/2"]
[WhiteElo "1925"]
[BlackElo "1832"]
[PlyCount "57"]
[EventDate "2013.10.17"]
[EventType "team-swiss"]
[EventRounds "8"]
[EventCountry "SRB"]
[SourceTitle "EXT 2014"]
[Source "ChessBase"]
[SourceDate "2013.11.20"]
[SourceVersion "1"]
[SourceVersionDate "2013.11.20"]
[SourceQuality "1"]

1. d4 d5 2. c4 c6 3. Nc3 e6 4. e4 dxe4 5. Nxe4 Nf6 6. Nxf6+ Qxf6 7. Nf3 Bb4+ 8. Bd2 Bxd2+ 9. Qxd2 0-0 10. Be2 Nd7 11. Qe3 b6 12. Ne5 Nxe5 13. dxe5 Qe7 14. 0-0 Bb7 15. f4 c5 16. Bf3 Rad8 17. Rad1 Bxf3 18. Qxf3 Rd4 19. Rxd4 cxd4 20. Rd1 Qc5 21. Qd3 Rd8 22. a3 a5 23. Kf2 h6 24. Ke2 Qc6 25. Kf2 Qc5 26. a4 Qc6 27. b3 Qc5 28. Ke2 g6 29. Qe4 1/2-1/2

[Event "SRB-chT2 South CS"]
[Site "Nis"]
[Date "2012.09.21"]
[Round "1.1"]
[White "Sinadinovic, Ilija"]
[Black "Miletic, Dragan"]
[Result "0-1"]
[WhiteElo "1820"]
[BlackElo "2034"]
[PlyCount "72"]
[EventDate "2012.09.21"]
[EventType "team-tourn"]
[EventRounds "10"]
[EventCountry "SRB"]
[SourceTitle "EXT 2019"]
[Source "ChessBase"]
[SourceDate "2018.10.10"]
[SourceVersion "1"]
[SourceVersionDate "2018.10.10"]
[SourceQuality "1"]

1. d4 d5 2. c4 e6 3. Nc3 c6 4. e3 Nf6 5. Nf3 Nbd7 6. cxd5 exd5 7. Bd3 Bd6 8. 0-0 0-0 9. Qc2 h6 10. Ne2 Re8 11. Bf5 Nf8 12. Ng3 g6 13. Bxc8 Rxc8 14. Qb3 Qd7 15. Ne1 Rb8 16. Nd3 Qe7 17. f4 N8h7 18. Ne5 h5 19. Qd3 h4 20. Ne2 Ne4 21. Nc3 Nhf6 22. Rf3 Kg7 23. a3 Nxc3 24. Qxc3 Ne4 25. Qc2 f5 26. b4 Bxe5 27. dxe5 Kf7 28. Bb2 Rbc8 29. Qd3 Ke6 30. Bd4 b6 31. Rd1 Red8 32. Qa6 c5 33. Rc1 Rc7 34. bxc5 Nxc5 35. Bxc5 Rxc5 36. Rff1 Rd7 0-1